Bundesliga : les équipes qualifiées pour la Ligue Europa - Statistiques

Statistiques générales
  • Ce quiz a été pris 103 fois
  • Le résultat moyen est 21 sur 29
Statistiques - réponses
Année Clubs % Correct
2018 RB Leipzig
92%
2015 Borussia Dortmund
91%
2016 Schalke
88%
2015 Schalke
88%
2021 Bayer Leverkusen
86%
2020 Bayer Leverkusen
86%
2018 Bayer Leverkusen
86%
2012 Bayer Leverkusen
86%
2021 Eintracht Francfort
84%
2019 Eintracht Francfort
84%
2018 Eintracht Francfort
84%
2013 Eintracht Francfort
84%
2020 Wolfsburg
79%
2019 Wolfsburg
79%
2014 Wolfsburg
79%
2019 Borussia Mönchengladbach
69%
2014 Borussia Mönchengladbach
69%
2017 Hertha Berlin
67%
2016 Hertha Berlin
67%
2013 Stuttgart
66%
2012 Stuttgart
66%
2017 Cologne
65%
2017 Fribourg
65%
2013 Fribourg
65%
2020 Hoffenheim
59%
2016 Mayence
55%
2014 Mayence
55%
2015 Augsbourg
46%
2012 Hanovre
40%
Aucun quiz correspondant
Distribution des résultats
% des personnes avec chaque résultat
Percentile par nombre de réponses
Votre historique - résultats
Vous n’avez pas pris ce quiz